| 000 | 00425nam a2200145 i 4500 | ||
|---|---|---|---|
| 001 | 26780 | ||
| 003 | ES-MaACL | ||
| 007 | t| | ||
| 008 | 030110s1960 sp ||||1| spa d | ||
| 100 | 1 |
_aArregui y Sabarte, Pedro de. _923257 |
|
| 245 | 1 | 0 |
_aCreación y colaboración / _cPedro Arregui y Sabarte. |
| 260 |
_aBilbao : _b[s.n., _c1960] ( _fGráf. Ellacuria) |
||
| 300 |
_a157 p. ; _c26 cm. |
||
| 852 |
_aES-MaACL _jB-2185 _bR.48362 |
||
| 999 |
_c26780 _d26780 |
||